In Czechia we don't say
| Titel: | In Czechia we don't say : co se v česku říká trochu jinak / Jaroslav Salon |
|---|---|
| Verfasser: | |
| Ausgabe: | 1. vydání |
| Veröffentlicht: | Praha : Albatros, 2021 |
| Umfang: | ohne Seitenzählung |
| Format: | Buch |
| Sprache: | Tschechisch |
| ISBN: | 9788026437048 |
| Hinweise zum Inhalt: |
Inhaltsverzeichnis
Abstract Cover |
alg: 51192850 001A $03004:27-09-23 001B $01999:13-12-24 $t00:17:10.000 001D $03004:30-10-23 001U $0utf8 001X $00 002@ $0Aau 002C $aText $btxt $2rdacontent 002D $aohne Hilfsmittel zu benutzen $bn $2rdamedia 002E $aBand $bnc $2rdacarrier 003@ $0511928505 004A $A978-80-264-3704-8 007A $01786604434 $aKXP 007G $0DE020D7C1C8FE3D6685F9C1258A5900419062 009P $qapplication/pdf $A2 $3Inhaltsverzeichnis $uhttp://scans.hebis.de/HEBCGI/show.pl?51192850_toc.pdf $mV:DE-603;B:DE-Mb50 009P $qapplication/pdf $A2 $3Abstract $uhttp://scans.hebis.de/HEBCGI/show.pl?51192850_sum.pdf $mV:DE-603;B:DE-Mb50 009P $qapplication/pdf $A2 $3Cover $uhttp://scans.hebis.de/HEBCGI/show.pl?51192850_cov.pdf $mV:DE-603;B:DE-Mb50 010@ $acze 010E $erda 011@ $a2021 $n2021 013D $RBelletristische Darstellung $RKarikatur $#Wit and humor $#Humour $#Humor $74160799-5 $8Humoristische Darstellung [Ts1] $9085703826 021A $aIn Czechia we don't say $dco se v česku říká trochu jinak $hJaroslav Salon 028A $BVerfasser $4aut $8Salon, Jaroslav [Tnu] $9512768110 032@ $a1. vydání 033A $pPraha $nAlbatros 034D $aohne Seitenzählung 044K $RNordseegermanische Sprachen $#English language $#Anglais (langue) $#Britisches Englisch $#Englische Sprache $74014777-0 $8Englisch [Tsz] $9085033405 044K $RWestslawische Sprachen $#Tschechische Sprache $74061084-6 $8Tschechisch [Ts1] $9085169617 044K $#formulations $74155035-3 $8Formulierung [Ts1] $9085657166 044K $#Histoire des mentalités $#Mentalität $#Denkweise Mentalität $74114570-7 $8Mentalität [Ts1] $9085343412 045F $a400 $eDDC23BSB 045F/01 $a400 045F/03 $f0905 045F/03 $g41 045F/03 $g4371 lok: 51192850 24 exp: 51192850 24 1 #EPN 201B/01 $030-10-23 $t12:36:37.000 201C/01 $027-09-23 201U/01 $0utf8 203@/01 $0124391310X 208@/01 $a30-10-23 $bz 209A/01 $a23.04490 $du $f050 $h23 04490 $x00 209C/01 $a23.04490 K $h23 04490 K 209G/01 $a74779972 $x00 220C/01 $akon 247C/01 $8358050-7Marburg, Bibliothek des Herder-Instituts Marburg $9102600961
| LEADER | 00000cam a2200000 c 4500 | ||
|---|---|---|---|
| 001 | 511928505 | ||
| 003 | DE-603 | ||
| 005 | 20241213001710.0 | ||
| 007 | tu | ||
| 008 | 230927s2021 xx |||| | u00||u|cze c | ||
| 020 | |a 9788026437048 | ||
| 035 | |a (DE-599)KXP1786604434 | ||
| 040 | |a DE-603 |b ger |c DE-603 |d DE-603 |e rda | ||
| 041 | |a cze | ||
| 082 | 0 | 4 | |8 1\u |a 400 |q DE-101 |2 23/BSB |
| 085 | |8 1\u |b 400 | ||
| 085 | |8 1\u |z 1 |s 0905 | ||
| 085 | |8 1\u |z 2 |s 41 | ||
| 085 | |8 1\u |z 2 |s 4371 | ||
| 100 | 1 | |a Salon, Jaroslav |e Verfasser |4 aut |0 (DE-603)512768110 | |
| 245 | 0 | 0 | |a In Czechia we don't say |b co se v česku říká trochu jinak |c Jaroslav Salon |
| 250 | |a 1. vydání | ||
| 264 | 1 | |a Praha |b Albatros |c 2021 | |
| 300 | |a ohne Seitenzählung | ||
| 336 | |a Text |b txt |2 rdacontent | ||
| 337 | |a ohne Hilfsmittel zu benutzen |b n |2 rdamedia | ||
| 338 | |a Band |b nc |2 rdacarrier | ||
| 650 | 7 | |a Englisch |0 (DE-588)4014777-0 |0 (DE-603)085033405 |2 gnd | |
| 650 | 7 | |a Tschechisch |0 (DE-588)4061084-6 |0 (DE-603)085169617 |2 gnd | |
| 650 | 7 | |a Formulierung |0 (DE-588)4155035-3 |0 (DE-603)085657166 |2 gnd | |
| 650 | 7 | |a Mentalität |0 (DE-588)4114570-7 |0 (DE-603)085343412 |2 gnd | |
| 655 | 7 | |a Humoristische Darstellung |2 gnd-content |0 (DE-588)4160799-5 |0 (DE-603)085703826 | |
| 856 | 4 | 2 | |m V:DE-603;B:DE-Mb50 |q application/pdf |u http://scans.hebis.de/HEBCGI/show.pl?51192850_toc.pdf |3 Inhaltsverzeichnis |
| 856 | 4 | 2 | |m V:DE-603;B:DE-Mb50 |q application/pdf |u http://scans.hebis.de/HEBCGI/show.pl?51192850_sum.pdf |3 Abstract |
| 856 | 4 | 2 | |m V:DE-603;B:DE-Mb50 |q application/pdf |u http://scans.hebis.de/HEBCGI/show.pl?51192850_cov.pdf |3 Cover |
| 924 | 0 | |9 Mb 50 |a (DE-603)124391310X |b DE-Mb50 |c HES |d c |g 23.04490 | |


